000 00358nam a2200145Ia 4500
008 150201s1994 xx 000 0 und d
082 _a612.3
_bE1994W
100 _aWILLIAM SEU REDWELL
245 _aESSENTIALS OF NUTRITION & DIET THERAPY
250 _a6TH
260 _bMOSBY
_aDELHI
_c1994
300 _a1-600
650 _aPHYSIOTHERAPY
942 _2ddc
_cBK
999 _c3961
_d3961